[Event "7th Chennai Open"]
[Site "Chennai"]
[Date "2014.12.30"]
[Round "1"]
[White "Rakesh, Kumar Jena"]
[Black "Rombaldoni, Axel"]
[Result "1-0"]
[WhiteElo "2123"]
[BlackElo "2505"]
[PlyCount "101"]
[EventDate "2014.12.30"]
[EventType "swiss"]
[EventRounds "10"]
[EventCountry "IND"]

1. e4 e6 2. d4 d5 3. Nd2 a6 4. Ngf3 Nf6 5. e5 Nfd7 6. Bd3 c5 7. c3 Nc6 8. O-O
b6 9. a3 b5 10. a4 b4 11. c4 cxd4 12. cxd5 Ndxe5 13. dxc6 Nxd3 14. Ne4 Nxc1 15.
Rxc1 Be7 16. Nxd4 e5 17. Nf3 Qxd1 18. Rfxd1 Bf5 19. Ng3 Bg4 20. h3 Be6 21. Nxe5
O-O 22. f4 Rfc8 23. Ne2 Bb3 24. Rd7 Bd8 25. Nd4 Bb6 26. a5 Bxd4+ 27. Rxd4 Ba4
28. c7 f6 29. Nd7 Ra7 30. Nb6 Raxc7 31. Rxc7 Rxc7 32. Nxa4 Rc1+ 33. Kh2 b3 34.
Rb4 Ra1 35. Nc5 Rxa5 36. Nxb3 Rd5 37. Kg3 Kf7 38. Kf3 Rd3+ 39. Ke2 Rg3 40. Kf2
Rd3 41. f5 h5 42. Rb7+ Kg8 43. Nc5 Rd5 44. Nxa6 Rxf5+ 45. Kg3 g5 46. b4 h4+ 47.
Kh2 Rf2 48. b5 f5 49. b6 g4 50. hxg4 fxg4 51. Rc7 1-0

[Event "7th Chennai Open"]
[Site "Chennai"]
[Date "2014.12.30"]
[Round "1"]
[White "Karthikeyan, Murali"]
[Black "Roshan, Rangarajan"]
[Result "1-0"]
[WhiteElo "2497"]
[BlackElo "2120"]
[PlyCount "81"]
[EventDate "2014.12.30"]
[EventType "swiss"]
[EventRounds "10"]
[EventCountry "IND"]

1. e4 c5 2. Nf3 Nc6 3. Bb5 g6 4. O-O Bg7 5. Re1 Nf6 6. c3 O-O 7. Qa4 Ne8 8. d4
cxd4 9. cxd4 Nc7 10. d5 Nxb5 11. Qxb5 Qa5 12. Qe2 Nd8 13. Nc3 f6 14. Bd2 Nf7
15. Nb5 Qd8 16. Rac1 b6 17. Nc7 Rb8 18. Bf4 Ne5 19. Nd4 Bb7 20. Ndb5 Rc8 21. d6
a6 22. Na7 Rb8 23. Qd1 Kh8 24. Rc3 Rg8 25. Bxe5 fxe5 26. Ra3 exd6 27. Nxa6 Ra8
28. Nb4 Qb8 29. Nb5 Rxa3 30. Nxa3 Rc8 31. Nb5 Rc4 32. a3 Bxe4 33. b3 Rc5 34.
Na6 Qa8 35. Nxc5 dxc5 36. Qxd7 Bc6 37. Nc7 Bxd7 38. Nxa8 Be6 39. Nxb6 Bxb3 40.
Rc1 Bf8 41. Nd7 1-0

[Event "7th Chennai Open"]
[Site "Chennai"]
[Date "2014.12.30"]
[Round "1"]
[White "Vinoth Kumar, M."]
[Black "Deepan, Chakkravarthy J"]
[Result "1-0"]
[WhiteElo "2119"]
[BlackElo "2489"]
[PlyCount "112"]
[EventDate "2014.12.30"]
[EventType "swiss"]
[EventRounds "10"]
[EventCountry "IND"]

1. e4 c5 2. d3 g6 3. g3 Bg7 4. Bg2 Nc6 5. Nh3 e6 6. f4 Nge7 7. Nd2 b6 8. O-O
Bb7 9. c3 O-O 10. g4 f5 11. gxf5 exf5 12. Qb3+ d5 13. Ng5 Qd7 14. e5 h6 15.
Ngf3 Nd8 16. Rf2 Ne6 17. Nf1 Kh7 18. h4 c4 19. dxc4 Nc5 20. Qd1 Ne4 21. Rc2
Rad8 22. cxd5 Nxd5 23. Qe1 Qe7 24. Bh3 Qc5+ 25. Be3 Nxe3 26. Nxe3 h5 27. b4 Qe7
28. Bf1 Bh6 29. Ng2 Rd7 30. Bb5 Rc7 31. Rd1 a6 32. Be2 Rd8 33. Rxd8 Qxd8 34.
Kh2 Qc8 35. c4 Bf8 36. a3 Qa8 37. Qg1 b5 38. c5 Qd8 39. c6 Rxc6 40. Rxc6 Bxc6
41. Qa7+ Qd7 42. Qxa6 Nc3 43. Ng5+ Kg7 44. Bf3 Ne4 45. Qb6 Be7 46. Qe3 Qd5 47.
Qa7 Bb7 48. Ne3 Qc6 49. Qd4 Kg8 50. Nxe4 fxe4 51. Bd1 Qc1 52. Bb3+ Kf8 53. e6
Kg8 54. Qd8+ Bxd8 55. e7+ Kg7 56. exd8=Q Qc3 1-0

[Event "7th Chennai Open"]
[Site "Chennai"]
[Date "2014.12.30"]
[Round "1"]
[White "Narayanan, Srinath"]
[Black "Yashas, D."]
[Result "1-0"]
[WhiteElo "2461"]
[BlackElo "2119"]
[PlyCount "55"]
[EventDate "2014.12.30"]
[EventType "swiss"]
[EventRounds "10"]
[EventCountry "IND"]

1. e4 d5 2. exd5 Nf6 3. d4 Nxd5 4. Nf3 g6 5. c4 Nb6 6. c5 Nd5 7. Bc4 Bg7 8. Qb3
e6 9. Bg5 f6 10. Bd2 Nc6 11. Nc3 Nce7 12. O-O O-O 13. Rfe1 Kh8 14. h4 h6 15.
Rad1 Kh7 16. Ne2 b6 17. Qd3 f5 18. Nf4 Nxf4 19. Bxf4 Nd5 20. Be5 Nf6 21. Qb3
Nd5 22. c6 Ne7 23. d5 Bxe5 24. Nxe5 exd5 25. Bxd5 Nxd5 26. Rxd5 Qxh4 27. Nd7
Rf7 28. Rd4 1-0

[Event "7th Chennai Open"]
[Site "Chennai"]
[Date "2014.12.30"]
[Round "1"]
[White "Nihal, Sarin"]
[Black "Cruz, Jonathan"]
[Result "1/2-1/2"]
[WhiteElo "2110"]
[BlackElo "2454"]
[PlyCount "122"]
[EventDate "2014.12.30"]
[EventType "swiss"]
[EventRounds "10"]
[EventCountry "IND"]
[WhiteClock "0:01:20"]

1. d4 Nf6 2. c4 c5 3. d5 g6 4. Nc3 d6 5. e4 Bg7 6. Nf3 O-O 7. Be2 e5 8. O-O Ne8
9. Ne1 f5 10. Nd3 f4 11. f3 h5 12. Bd2 g5 13. Be1 Rf6 14. g4 hxg4 15. fxg4 Rh6
16. Kg2 Nd7 17. Bf3 Nf8 18. Bf2 Bd7 19. a3 Rc8 20. Qe2 Ng6 21. Rh1 Bf8 22. h3
a6 23. Nb1 Rc7 24. Nd2 Bc8 25. b4 b6 26. Rh2 Rch7 27. Rah1 Bd7 28. Kf1 Qc8 29.
Kg1 Be7 30. Kf1 Bd8 31. Kg1 Bc7 32. Kf1 Bb8 33. Kg1 Ba7 34. Kf1 Qc7 35. Kg2 Bc8
36. Rc1 Nf6 37. Rch1 Nh4+ 38. Bxh4 Rxh4 39. b5 axb5 40. cxb5 c4 41. Nf2 c3 42.
Rc1 Qc5 43. Nb1 Bd7 44. a4 Qb4 45. Nxc3 Be8 46. Qd1 Bb8 47. Qd3 Rc7 48. Rhh1
Nd7 49. Qb1 Qa3 50. Na2 Qxa4 51. Rc6 Ra7 52. Nb4 Qxb5 53. Rc8 Kf8 54. Nc6 Qxb1
55. Rxb1 Rc7 56. Rd8 Rb7 57. Na5 Ra7 58. Nc6 Rb7 59. Na5 Ra7 60. Nc6 Rb7 61.
Na5 Ra7 1/2-1/2

[Event "7th Chennai Open"]
[Site "Chennai"]
[Date "2014.12.30"]
[Round "1"]
[White "Shyam, Nikil P"]
[Black "Monnisha, Gk"]
[Result "1/2-1/2"]
[WhiteElo "2454"]
[BlackElo "2110"]
[PlyCount "109"]
[EventDate "2014.12.30"]
[EventType "swiss"]
[EventRounds "10"]
[EventCountry "IND"]

1. Nf3 d5 2. g3 Bg4 3. Ne5 Bf5 4. c4 c6 5. Qb3 Qb6 6. cxd5 Qxb3 7. axb3 Be4 8.
f3 Bxd5 9. Nc4 Nd7 10. d4 Ngf6 11. Nbd2 h5 12. e4 Bxc4 13. Nxc4 e6 14. Bf4 Bb4+
15. Kf2 O-O 16. Bd6 Bxd6 17. Nxd6 Rfb8 18. Be2 Kf8 19. f4 g6 20. Bf3 Ke7 21.
Nc4 Nb6 22. Na5 Ng4+ 23. Bxg4 hxg4 24. h3 gxh3 25. Rxh3 Rd8 26. Nxb7 Rxd4 27.
Ke3 Rb4 28. Na5 Rc8 29. Rh2 c5 30. Rc2 e5 31. Kf3 exf4 32. gxf4 Kf6 33. Rc3 Re8
34. Re1 c4 35. e5+ Kg7 36. bxc4 Rxb2 37. c5 Rh8 38. Rd3 Na4 39. Rc1 Rb5 40. Rd4
Nxc5 41. Rd5 Rxa5 42. Rdxc5 Rh3+ 43. Ke4 Raa3 44. R1c4 Rad3 45. Rd4 Rhe3+ 46.
Kd5 Rxd4+ 47. Kxd4 Ra3 48. Rc7 Ra4+ 49. Ke3 Kf8 50. Kf3 Ke8 51. Kg4 Ra3 52. Kg5
Ra4 53. Rb7 Kf8 54. Rc7 Ke8 55. Rb7 1/2-1/2

[Event "7th Chennai Open"]
[Site "Chennai"]
[Date "2014.12.30"]
[Round "1"]
[White "Pujari, Rucha"]
[Black "Nguyen, Van Huy"]
[Result "0-1"]
[WhiteElo "2109"]
[BlackElo "2445"]
[PlyCount "70"]
[EventDate "2014.12.30"]
[EventType "swiss"]
[EventRounds "10"]
[EventCountry "IND"]
[WhiteClock "0:11:04"]
[BlackClock "0:11:30"]

1. d4 Nf6 2. c4 e6 3. Nf3 d5 4. Nc3 Bb4 5. Qa4+ Nc6 6. e3 O-O 7. Bd2 Re8 8. Rd1
a6 9. a3 Bf8 10. Qc2 h6 11. b4 Bd7 12. h3 dxc4 13. Bxc4 b5 14. Bd3 a5 15. Nxb5
axb4 16. a4 e5 17. dxe5 Nxe5 18. Nxe5 Rxe5 19. Bc4 c6 20. Nd4 Qa5 21. Ra1 c5
22. Nb3 Qa7 23. a5 Qb7 24. f3 Rg5 25. e4 Rxg2 {O-O-O} 26. Bb5 {Rhg1} Rg1+ 27.
Rxg1 {Bxc4 Qxc4 [%clk 0:07:33]} Qa6 {Qxa6 Rxa6 [%clk 0:18:03]} 28. Be3 c4 29.
Nd2 {Rxa5 Nxc4 [%clk 0:03:26]} Bc5 {Kb2 Bxe3 [%clk 0:12:28] Nxe3 [%clk 0:03:01]
} 30. Ra3 {Nf5 Rxf3 [%clk 0:12:34] Rxg7+ [%clk 0:01:02]} Kf8 31. Rg2 Nxe4 {
Nxh6 Rxh3 [%clk 0:12:34] Rg8+ [%clk 0:00:52] Ke7 [%clk 0:12:53] Nf5+ [%clk 0:
00:36] Kf6 [%clk 0:11:30] Nd4 [%clk 0:00:58] Nc5 [%clk 0:11:41] Rc8 [%clk 0:00:
49]} 32. Rh2 {Kb1 Nd3 [%clk 0:11:44] Rc6+ [%clk 0:01:07] Ke5 [%clk 0:09:27]
Nf3+ [%clk 0:01:18] Kd5 [%clk 0:09:52] Nxh2 [%clk 0:00:37] Kxc6 [%clk 0:10:12]
Kc2 [%clk 0:01:06] Nc5 [%clk 0:10:28] Kd2 [%clk 0:00:43] Kd5 [%clk 0:10:46]
Nf3 [%clk 0:00:44]} f5 {Ke3 b3 [%clk 0:11:02] Kd2 [%clk 0:00:35] Na4 [%clk 0:
10:25] Kd3 [%clk 0:00:48]} 33. f4 Nxd2 {Nc5+} 34. Ke2 {b2 Kf3 [%clk 0:00:33]
Ne6 [%clk 0:10:21]} Nb1 {Kc4 Ke4 [%clk 0:00:47] Kb3 [%clk 0:10:44]} 35. Kf3 {
Kc2} Nxa3 {Kc1} 0-1

[Event "7th Chennai Open"]
[Site "Chennai"]
[Date "2014.12.30"]
[Round "1"]
[White "Das, Sayantan"]
[Black "Praggnanandhaa, R."]
[Result "1-0"]
[WhiteElo "2444"]
[BlackElo "2104"]
[PlyCount "53"]
[EventDate "2014.12.30"]
[EventType "swiss"]
[EventRounds "10"]
[EventCountry "IND"]

1. e4 e5 2. Nf3 Nc6 3. Bb5 a6 4. Ba4 Nge7 5. c3 g6 6. d4 exd4 7. cxd4 Bg7 8. d5
b5 9. Bc2 Na5 10. O-O d6 11. Bd2 Bxb2 12. Bxa5 Bxa1 13. Nc3 Bxc3 14. Bxc3 f6
15. Bxf6 Rf8 16. Qa1 Bg4 17. Ng5 h6 18. Ne6 Bxe6 19. dxe6 Rg8 20. Bh4 g5 21.
Qf6 Qb8 22. Bg3 Qb6 23. Bd1 a5 24. Bh5+ Kd8 25. Bf7 Rf8 26. Qg7 Rxf7 27. Qh8+
1-0

[Event "7th Chennai Open"]
[Site "Chennai"]
[Date "2014.12.30"]
[Round "1"]
[White "Saranya, J."]
[Black "Sunilduth Lyna, Narayanan"]
[Result "1/2-1/2"]
[WhiteElo "2104"]
[BlackElo "2437"]
[PlyCount "72"]
[EventDate "2014.12.30"]
[EventType "swiss"]
[EventRounds "10"]
[EventCountry "IND"]

1. e4 c6 2. d4 d5 3. Nc3 dxe4 4. Nxe4 Bf5 5. Ng3 Bg6 6. h4 h6 7. Nh3 Nf6 8. Nf4
Bh7 9. Bc4 e6 10. Nfh5 Nbd7 11. c3 Qa5 12. Qf3 O-O-O 13. O-O Nxh5 14. Nxh5 Bg6
15. Ng3 Nf6 16. a4 Bd6 17. Bf4 Qc7 18. Bxd6 Rxd6 19. b4 h5 20. Rfe1 Ng4 21. Ne4
Bxe4 22. Rxe4 Rh6 23. Rae1 Rf6 24. Rf4 Rd8 25. Ree4 a5 26. b5 cxb5 27. Bxb5 Rd5
28. g3 Rdf5 29. Rxf5 Rxf5 30. Qxf5 exf5 31. Re8+ Qd8 32. Rxd8+ Kxd8 33. Bc4 Ke7
34. Bd5 b6 35. Kf1 g6 36. Ke2 Nf6 1/2-1/2

[Event "7th Chennai Open"]
[Site "Chennai"]
[Date "2014.12.30"]
[Round "1"]
[White "Prasanna, Raghuram Rao"]
[Black "Chaithanyaa, K.G."]
[Result "1-0"]
[WhiteElo "2436"]
[BlackElo "2101"]
[PlyCount "79"]
[EventDate "2014.12.30"]
[EventType "swiss"]
[EventRounds "10"]
[EventCountry "IND"]

1. e4 c5 2. Nf3 a6 3. Nc3 e6 4. d4 cxd4 5. Nxd4 Qc7 6. Be2 Nf6 7. O-O Nc6 8.
Be3 Be7 9. f4 d6 10. Kh1 O-O 11. Qe1 Bd7 12. Qg3 Rfe8 13. Rae1 Rac8 14. Bd3 Bf8
15. Nf3 h6 16. a3 b5 17. Bc1 b4 18. axb4 Nxb4 19. e5 Nxd3 20. cxd3 Nd5 21. f5
Nxc3 22. f6 Ne2 23. Rxe2 Qxc1 24. Rxc1 Rxc1+ 25. Re1 Rxe1+ 26. Qxe1 dxe5 27.
Nxe5 Bb5 28. Qg3 Rc8 29. h3 Rc1+ 30. Kh2 Rf1 31. Nf3 Bc6 32. Ne5 Bb5 33. Ng4
Kh7 34. Qb8 Bc5 35. fxg7 Bg1+ 36. Kg3 Kxg7 37. Qe5+ Kg6 38. Qh8 Bxd3 39. Qxh6+
Kf5 40. Qf6+ 1-0

[Event "7th Chennai Open"]
[Site "Chennai"]
[Date "2014.12.30"]
[Round "1"]
[White "Nambiar, Vivek"]
[Black "Popov, Ivan"]
[Result "0-1"]
[WhiteElo "2147"]
[BlackElo "2622"]
[PlyCount "70"]
[EventDate "2014.12.30"]
[EventType "swiss"]
[EventRounds "10"]
[EventCountry "IND"]

1. d4 Nf6 2. Nf3 c5 3. d5 b5 4. c4 Qa5+ 5. Bd2 b4 6. Qc2 g6 7. e4 d6 8. Bd3 Bg7
9. O-O O-O 10. Bg5 Qc7 11. Nbd2 h6 12. Be3 e5 13. dxe6 Bxe6 14. h3 Nc6 15. Bf4
Nd7 16. Rfe1 a5 17. Rad1 a4 18. Qc1 Nde5 19. Nxe5 dxe5 20. Bg3 Nd4 21. Nf1 f5
22. f4 Qf7 23. exf5 gxf5 24. Rxe5 Bxe5 25. fxe5 f4 26. Bh4 Bf5 27. Qd2 Qg6 28.
Bxf5 Rxf5 29. Qf2 Rxe5 30. Nh2 Rf8 31. Rxd4 cxd4 32. Qxd4 Qe4 33. Qd6 Re6 34.
Qxb4 f3 35. Ng4 fxg2 0-1

[Event "7th Chennai Open"]
[Site "Chennai"]
[Date "2014.12.30"]
[Round "1"]
[White "David, Alberto"]
[Black "Yogit, S."]
[Result "1-0"]
[WhiteElo "2578"]
[BlackElo "2146"]
[PlyCount "77"]
[EventDate "2014.12.30"]
[EventType "swiss"]
[EventRounds "10"]
[EventCountry "IND"]

1. e4 e5 2. Nf3 Nc6 3. Bb5 a6 4. Ba4 Nf6 5. d3 d6 6. c3 g6 7. Nbd2 Bd7 8. Nf1
Bg7 9. Ng3 O-O 10. O-O Qe7 11. Re1 Nd8 12. Bb3 Be6 13. Bc2 h6 14. d4 Ne8 15. h3
Kh7 16. Nf5 Qf6 17. Ne3 c6 18. d5 cxd5 19. Nxd5 Bxd5 20. Qxd5 Nc7 21. Qd3 Nc6
22. Be3 Rad8 23. Bb3 Ne6 24. Bd5 Nc5 25. Qc2 Ne7 26. Rad1 Rd7 27. Bxf7 Qxf7 28.
Bxc5 Nc8 29. Ba3 Qxa2 30. c4 Rxf3 31. gxf3 Rc7 32. Ra1 Qxc4 33. Qxc4 Rxc4 34.
Rec1 Nb6 35. Bxd6 Kg8 36. b3 Rxc1+ 37. Rxc1 Bf8 38. Bxf8 Kxf8 39. Rc7 1-0

[Event "7th Chennai Open"]
[Site "Chennai"]
[Date "2014.12.30"]
[Round "1"]
[White "Baryshpolets, Andrey"]
[Black "Patil, Pratik"]
[Result "1-0"]
[WhiteElo "2566"]
[BlackElo "2139"]
[PlyCount "62"]
[EventDate "2014.12.30"]
[EventType "swiss"]
[EventRounds "10"]
[EventCountry "IND"]

1. d4 Nf6 2. c4 g6 3. Nc3 d5 4. cxd5 Nxd5 5. g3 Bg7 6. Bg2 Nb6 7. Nf3 O-O 8.
O-O Nc6 9. e3 a5 10. d5 Nb4 11. e4 f5 12. Ng5 h6 13. Ne6 Bxe6 14. dxe6 Qxd1 15.
Rxd1 Nc2 16. Rb1 c6 17. Ne2 Rad8 18. Bf4 Nc4 19. Rd7 Rxd7 20. exd7 e5 21. Rc1
exf4 22. Rxc2 Ne5 23. Nxf4 Rd8 24. exf5 Rxd7 25. Be4 gxf5 26. Bxf5 Nf3+ 27. Kf1
Re7 28. Be6+ Kh7 29. Re2 Ne5 30. Bf5+ Kg8 31. Nh5 Kf7 1-0

[Event "7th Chennai Open"]
[Site "Chennai"]
[Date "2014.12.30"]
[Round "1"]
[White "Mugil, Jayavel"]
[Black "Mozharov, Mikhail"]
[Result "0-1"]
[WhiteElo "2135"]
[BlackElo "2557"]
[PlyCount "78"]
[EventDate "2014.12.30"]
[EventType "swiss"]
[EventRounds "10"]
[EventCountry "IND"]

1. e4 c5 2. Nf3 e6 3. d4 cxd4 4. Nxd4 Nc6 5. Nc3 Qc7 6. Be3 a6 7. Be2 Nf6 8.
Qd2 Bb4 9. f3 O-O 10. a3 Be7 11. Nb3 Ne5 12. O-O b5 13. Qd4 d6 14. Rad1 Rb8 15.
f4 Neg4 16. Bc1 e5 17. Qd3 Qa7+ 18. Kh1 Nf2+ 19. Rxf2 Qxf2 20. Be3 Qh4 21. g3
Qh3 22. f5 Bb7 23. Bf3 Rbc8 24. Rd2 Rfe8 25. Rf2 Ng4 26. Nd1 d5 27. Qe2 Nxe3
28. Nxe3 dxe4 29. Bg4 Qh6 30. f6 Bxf6 31. Bxc8 Rxc8 32. Kg1 Qg6 33. Ng4 e3 34.
Nxf6+ gxf6 35. Qxe3 Rxc2 36. Rd2 Rxd2 37. Nxd2 Qc2 38. Qb6 Qd1+ 39. Nf1 Qf3 0-1

[Event "7th Chennai Open"]
[Site "Chennai"]
[Date "2014.12.30"]
[Round "1"]
[White "Cruz, Cristhian"]
[Black "Vaishali, R."]
[Result "1-0"]
[WhiteElo "2546"]
[BlackElo "2134"]
[PlyCount "101"]
[EventDate "2014.12.30"]
[EventType "swiss"]
[EventRounds "10"]
[EventCountry "IND"]

1. d4 Nf6 2. c4 e5 3. dxe5 Ng4 4. e3 Nxe5 5. Nh3 Nbc6 6. Nf4 Bb4+ 7. Nd2 O-O 8.
a3 Bxd2+ 9. Bxd2 a5 10. Bc3 d6 11. Be2 b6 12. O-O a4 13. Rc1 Bb7 14. Nd5 f5 15.
Qc2 Ne7 16. Rfd1 Nd7 17. e4 f4 18. e5 dxe5 19. Bg4 Nxd5 20. cxd5 Nc5 21. Bb4
Bc8 22. Bxc5 bxc5 23. Bxc8 Qxc8 24. f3 Qb7 25. Rd2 Ra5 26. Re1 Re8 27. Qc3 Qb6
28. Rxe5 c4+ 29. Kf1 Rxe5 30. Qxe5 Qe3 31. Qe6+ Qxe6 32. dxe6 Kf8 33. Rd7 g5
34. Rxh7 Rb5 35. Rxc7 Rxb2 36. Rxc4 Rb1+ 37. Ke2 Rb2+ 38. Kd3 Ke7 39. h4 Kxe6
40. hxg5 Rxg2 41. Rc5 Ra2 42. Ke4 Rxa3 43. Rc6+ Kd7 44. Ra6 Ra1 45. Kxf4 a3 46.
Kf5 a2 47. f4 Ke7 48. Ra7+ Ke8 49. g6 Kf8 50. g7+ Kg8 51. Ke4 1-0

[Event "7th Chennai Open"]
[Site "Chennai"]
[Date "2014.12.30"]
[Round "1"]
[White "Iniyan, P."]
[Black "Evdokimov, Alexander A"]
[Result "0-1"]
[WhiteElo "2131"]
[BlackElo "2538"]
[PlyCount "50"]
[EventDate "2014.12.30"]
[EventType "swiss"]
[EventRounds "10"]
[EventCountry "IND"]

1. d4 Nf6 2. c4 c5 3. d5 g6 4. Nc3 Bg7 5. e4 O-O 6. Nf3 d6 7. h3 e6 8. Bd3 Na6
9. a3 Nc7 10. O-O Rb8 11. Bg5 h6 12. Bh4 g5 13. Bg3 Nh5 14. e5 Nxg3 15. fxg3
dxe5 16. Qe2 b5 17. Nxe5 bxc4 18. Bxc4 exd5 19. Rad1 Bb7 20. Bxd5 Nxd5 21. Nxd5
Bxd5 22. Rf5 Qc8 23. Rxd5 Qxf5 24. Nc6 Qb1+ 25. Rd1 Rxb2 0-1

[Event "7th Chennai Open"]
[Site "Chennai"]
[Date "2014.12.30"]
[Round "1"]
[White "Dzhumaev, Marat"]
[Black "Mahalakshmi, M."]
[Result "1-0"]
[WhiteElo "2532"]
[BlackElo "2125"]
[PlyCount "91"]
[EventDate "2014.12.30"]
[EventType "swiss"]
[EventRounds "10"]
[EventCountry "IND"]

1. e4 c6 2. d4 d5 3. f3 e6 4. Nc3 Bb4 5. Bd2 Nf6 6. e5 Nfd7 7. Nce2 Bxd2+ 8.
Qxd2 c5 9. f4 cxd4 10. Nxd4 a6 11. Ngf3 Nc6 12. O-O-O Qa5 13. Qxa5 Nxa5 14. f5
Nb6 15. Bd3 exf5 16. Bxf5 g6 17. Bd3 Bg4 18. Rde1 Bxf3 19. gxf3 Ke7 20. h4 Nc6
21. Nxc6+ bxc6 22. h5 c5 23. c3 a5 24. f4 Rab8 25. Rh2 Nd7 26. Bc2 c4 27. Rd2
Nb6 28. Rf2 Rbd8 29. f5 gxf5 30. Rxf5 Nd7 31. e6 fxe6 32. Rxd5 h6 33. Bf5 Nf8
34. Rxa5 Rg8 35. Ra7+ Rd7 36. Ra8 Rg5 37. Bc2 Rd8 38. Rxd8 Kxd8 39. Bd1 Ke7 40.
Re4 Rc5 41. Be2 Nh7 42. Rxc4 Rxc4 43. Bxc4 Nf6 44. Be2 Nd5 45. Kd2 Kd6 46. a4
1-0

[Event "7th Chennai Open"]
[Site "Chennai"]
[Date "2014.12.30"]
[Round "1"]
[White "Vasli, Aref"]
[Black "Gasanov, Eldar"]
[Result "0-1"]
[WhiteElo "2125"]
[BlackElo "2526"]
[PlyCount "68"]
[EventDate "2014.12.30"]
[EventType "swiss"]
[EventRounds "10"]
[EventCountry "IND"]

1. e4 c5 2. Nf3 d6 3. d4 Nf6 4. Nc3 cxd4 5. Nxd4 Nc6 6. Bg5 e6 7. g3 a6 8. Bg2
Bd7 9. O-O Be7 10. Nde2 Qc7 11. h3 b5 12. a3 O-O 13. g4 Ne5 14. Kh1 Rac8 15.
Bc1 Ng6 16. Kg1 a5 17. Be3 b4 18. axb4 axb4 19. Ra7 Qd8 20. Nb1 Bc6 21. Nd2 d5
22. Nd4 Ba8 23. g5 Nxe4 24. Nxe4 dxe4 25. Rxa8 Rxa8 26. Bxe4 Bxg5 27. Bxa8 Bxe3
28. fxe3 Qxa8 29. Qg4 Qd5 30. Rf2 Ra8 31. Nb3 Qe5 32. Kg2 Qxe3 33. Qxb4 e5 34.
Rxf7 Nf4+ 0-1

[Event "7th Chennai Open"]
[Site "Chennai"]
[Date "2014.12.30"]
[Round "1"]
[White "Nguyen, Duc Hoa"]
[Black "Harikrishnan.A.Ra"]
[Result "1-0"]
[WhiteElo "2507"]
[BlackElo "2124"]
[PlyCount "83"]
[EventDate "2014.12.30"]
[EventType "swiss"]
[EventRounds "10"]
[EventCountry "IND"]

1. d4 d5 2. c4 e6 3. Nf3 Nf6 4. g3 Be7 5. Bg2 O-O 6. O-O c6 7. Qc2 Nbd7 8. Nbd2
b6 9. e4 dxe4 10. Nxe4 Nxe4 11. Qxe4 Bb7 12. Rd1 Qc7 13. Bf4 Bd6 14. Bxd6 Qxd6
15. Ne5 Nf6 16. Qf3 Rac8 17. c5 bxc5 18. Nc4 Qe7 19. Qa3 Nd5 20. dxc5 Ba8 21.
Nd6 Rb8 22. Rd4 Rfd8 23. Re1 Qf6 24. Red1 Rd7 25. R1d2 h6 26. Ra4 Qe7 27. Re2
Rc7 28. Bh3 Rf8 29. Bg2 Rd8 30. h4 Rdd7 31. Bh3 Qd8 32. Qb3 Qf8 33. Bg2 Rd8 34.
Be4 Nf6 35. Qa3 Qe7 36. Bc2 h5 37. Rf4 Rf8 38. Qd3 g6 39. Re5 Nd5 40. Rd4 Nf6
41. Rg5 Rb8 42. Nxf7 1-0

[Event "7th Chennai Open"]
[Site "Chennai"]
[Date "2014.12.31"]
[Round "2"]
[White "Popov, Ivan"]
[Black "Gahan, M.G."]
[Result "1-0"]
[WhiteElo "2622"]
[BlackElo "2295"]
[PlyCount "69"]
[EventDate "2014.12.30"]
[EventType "swiss"]
[EventRounds "10"]
[EventCountry "IND"]

1. e4 c5 2. Nf3 e6 3. d4 cxd4 4. Nxd4 a6 5. c4 Nf6 6. Nc3 Bb4 7. Qd3 d5 8. exd5
exd5 9. Be2 O-O 10. O-O Nc6 11. Nxd5 Nxd5 12. Nxc6 bxc6 13. cxd5 cxd5 14. Be3
a5 15. Bf3 Ba6 16. Qxd5 Bxf1 17. Qxa8 Qxa8 18. Bxa8 Be2 19. Bc6 Rd8 20. Rc1 f5
21. Ba4 Bd2 22. Rc7 Bxe3 23. fxe3 Rb8 24. Bb3+ Kh8 25. Ra7 g6 26. Rxa5 Bd3 27.
Rd5 Be4 28. Rd7 Rc8 29. h4 Rc1+ 30. Rd1 Rc7 31. Kf2 Kg7 32. g3 h6 33. Rd2 Rc1
34. Bd1 Rb1 35. Bf3 1-0

[Event "7th Chennai Open"]
[Site "Chennai"]
[Date "2014.12.31"]
[Round "2"]
[White "Pranav, Vijay"]
[Black "David, Alberto"]
[Result "0-1"]
[WhiteElo "2296"]
[BlackElo "2578"]
[PlyCount "52"]
[EventDate "2014.12.30"]
[EventType "swiss"]
[EventRounds "10"]
[EventCountry "IND"]

1. d4 Nf6 2. c4 e6 3. g3 c5 4. d5 exd5 5. cxd5 d6 6. Nc3 g6 7. Bg2 Bg7 8. Nf3
O-O 9. O-O Re8 10. Nd2 a6 11. a4 Nbd7 12. h3 b6 13. e4 Ne5 14. f4 Nd3 15. Nc4
Nxc1 16. Qxc1 Nh5 17. g4 Bd4+ 18. Kh2 Bxg4 19. e5 dxe5 20. d6 exf4 21. Nd5 f3
22. Bxf3 Bxf3 23. Rxf3 Re2+ 24. Kh1 Qh4 25. Ne7+ Kh8 26. Qf1 Qe4 0-1

[Event "7th Chennai Open"]
[Site "Chennai"]
[Date "2014.12.31"]
[Round "2"]
[White "Murali Krishnan, B.T."]
[Black "Baryshpolets, Andrey"]
[Result "0-1"]
[WhiteElo "2283"]
[BlackElo "2566"]
[PlyCount "120"]
[EventDate "2014.12.30"]
[EventType "swiss"]
[EventRounds "10"]
[EventCountry "IND"]

1. d4 d5 2. c4 e6 3. Nc3 Nf6 4. Bg5 Be7 5. Nf3 h6 6. Bh4 O-O 7. e3 b6 8. Bd3
Bb7 9. O-O Nbd7 10. Qe2 c5 11. Rfd1 Ne4 12. Bxe7 Qxe7 13. cxd5 exd5 14. Ba6
Nxc3 15. bxc3 Nf6 16. Bxb7 Qxb7 17. dxc5 bxc5 18. c4 Qa6 19. Rd2 Rfd8 20. Rc1
Ne4 21. Rdc2 Rac8 22. h3 f5 23. Kf1 d4 24. exd4 cxd4 25. Qd3 g6 26. Re2 Qd6 27.
Kg1 Kh7 28. Nd2 Nc5 29. Qa3 a6 30. Rce1 Rc7 31. Qa5 Rdd7 32. Qa3 d3 33. Re3 Re7
34. Qc3 Rxe3 35. Rxe3 Rd7 36. Re8 Qd4 37. Qxd4 Rxd4 38. f3 Rd6 39. Kf2 Kg7 40.
g3 Kf7 41. Re5 Nd7 42. Ra5 Re6 43. Rd5 Re2+ 44. Kf1 Rxd2 45. Rxd7+ Ke6 46. Rd4
g5 47. a4 a5 48. f4 gxf4 49. gxf4 Rc2 50. Ke1 Re2+ 51. Kd1 Rc2 52. Ke1 h5 53.
Kd1 h4 54. Ke1 Re2+ 55. Kd1 Re4 56. Rxe4+ fxe4 57. Kd2 Kd6 58. Kc3 Kc5 59. f5
Kd6 60. f6 Ke6 0-1

[Event "7th Chennai Open"]
[Site "Chennai"]
[Date "2014.12.31"]
[Round "2"]
[White "Mozharov, Mikhail"]
[Black "Mehar, Chinna Reddy C.H"]
[Result "1/2-1/2"]
[WhiteElo "2557"]
[BlackElo "2281"]
[PlyCount "125"]
[EventDate "2014.12.30"]
[EventType "swiss"]
[EventRounds "10"]
[EventCountry "IND"]

1. d4 d5 2. c4 c6 3. Nf3 Nf6 4. e3 Bg4 5. Qb3 Qb6 6. Nc3 e6 7. Nh4 Bh5 8. h3
Na6 9. g4 Qxb3 10. axb3 Nb4 11. Ra4 Bg6 12. Nxg6 hxg6 13. Be2 a5 14. Bd2 Nd7
15. Kd1 b6 16. Ra1 Be7 17. Na2 Nxa2 18. Rxa2 Rb8 19. Bc3 Bd6 20. Bd3 Nf6 21. f3
Ke7 22. Ke2 Bb4 23. Bxb4+ axb4 24. Ra4 Ra8 25. Rxb4 Ra2 26. Rb1 Nd7 27. Ra4
Rxa4 28. bxa4 Rxh3 29. Rf1 Rh2+ 30. Rf2 Rh1 31. Kd2 Ra1 32. cxd5 exd5 33. Bc2
Rh1 34. b4 Kd6 35. Bd1 c5 36. bxc5+ bxc5 37. a5 cxd4 38. exd4 Nb8 39. Re2 Nc6
40. a6 Nb4 41. a7 Rh8 42. Ba4 Ra8 43. Kc3 Na6 44. Re8 Rxa7 45. Rd8+ Ke6 46. Bb3
Nc7 47. Rb8 Ra1 48. Kd2 Ra8 49. Rb6+ Kd7 50. Ke3 g5 51. Bc2 Ra3+ 52. Rb3 Rxb3+
53. Bxb3 Kd6 54. Ba4 g6 55. Kd3 Ne6 56. Be8 f5 57. Ke3 Nf4 58. Ba4 Ng2+ 59. Kf2
Nf4 60. Ke3 fxg4 61. fxg4 Kc7 62. Kd2 Kb6 63. Kc3 1/2-1/2

[Event "7th Chennai Open"]
[Site "Chennai"]
[Date "2014.12.31"]
[Round "2"]
[White "Safranska, Anda"]
[Black "Cruz, Cristhian"]
[Result "0-1"]
[WhiteElo "2267"]
[BlackElo "2546"]
[PlyCount "94"]
[EventDate "2014.12.30"]
[EventType "swiss"]
[EventRounds "10"]
[EventCountry "IND"]

1. e4 e6 2. d4 d5 3. Nd2 Be7 4. Ngf3 Nf6 5. Bd3 c5 6. exd5 Qxd5 7. Bc4 Qc6 8.
O-O O-O 9. Qe2 Nbd7 10. Re1 a6 11. a4 Nb6 12. Bb3 Qc7 13. c3 Bd7 14. Bc2 Bc6
15. dxc5 Bxc5 16. Ne5 Rfd8 17. Nxc6 Qxc6 18. Ne4 Nxe4 19. Bxe4 Qc7 20. g3 Nd5
21. Bg5 Rd7 22. Rad1 h6 23. Bxd5 hxg5 24. Bf3 Rad8 25. Rxd7 Rxd7 26. Rd1 a5 27.
Rxd7 Qxd7 28. Qb5 Qxb5 29. axb5 b6 30. h3 Kf8 31. Kf1 a4 32. Bd1 a3 33. bxa3
Bxa3 34. Ke2 Ke7 35. Kd3 Bc5 36. f3 Kd6 37. Ke4 Bf2 38. g4 Bg3 39. Be2 g6 40.
Bd1 Be1 41. c4 Bg3 42. Kd4 Bf2+ 43. Ke4 f5+ 44. Kd3 Bc5 45. Ke2 Ke5 46. Kf1 Kf4
47. Ke2 Kg3 0-1